00415nam a2200157Ia 4500008004100000041000800041082001600049100001600065245006500081250001200146260004200158300000900200500000700209650002500216700001600241230125s9999 xx 000 0 und d aeng a658.15bKUC aKuchhal S C aFinancial Management : An analytical and conceptual approach a13th ed c1996bChaitanya PublishersaAllahabad a526p aFM aFinancial Management aKuchhal S C